|
|
|
|
| LEADER |
01153nam a2200265 u 4500 |
| 001 |
10086914 |
| 003 |
upatras |
| 005 |
20210117202620.0 |
| 008 |
100910s2003 uk eng |
| 020 |
|
|
|a 0520209338
|
| 040 |
|
|
|a ΠΑΝΕΠΙΣΤΗΜΙΟ ΠΑΤΡΑΣ
|c ΠΑΝΕΠΙΣΤΗΜΙΟ ΠΑΤΡΑΣ
|
| 041 |
0 |
|
|a eng
|
| 082 |
0 |
4 |
|a 782.10820945
|
| 100 |
1 |
|
|a Heller, Wendy Beth
|4 aut
|9 89666
|
| 245 |
1 |
0 |
|a Emblems of eloquence
|b opera and women's voices in seventeenth-century Venice
|c Heller Wendy
|
| 260 |
|
|
|a London
|b University of California press
|c c2003
|
| 300 |
|
|
|a xix, 386 p.
|b ill., tab.
|c 24 cm.
|
| 504 |
|
|
|a Includes bibliographical references p.353-369 and index
|
| 650 |
|
4 |
|a Όπερα
|y 17ος αιώνας
|z Ιταλία
|9 89667
|
| 650 |
|
4 |
|a Γυναίκες στην όπερα
|9 89668
|
| 852 |
|
|
|a GR-PaULI
|b ΠΑΤΡΑ
|b ΘΕΑΤΡΟΛΟΓΙΑ
|k ΑΣΧΞ
|h 782.10820945 HEL
|m 08209
|p 025000136954
|t 1
|
| 942 |
|
|
|2 ddc
|c BK15
|
| 952 |
|
|
|0 0
|1 0
|4 0
|6 782_108209450000000_HEL
|7 0
|9 93232
|a THST
|b THST
|d 2016-04-24
|i 08209
|l 0
|o 782.10820945 HEL
|p 025000136954
|r 2016-04-24 00:00:00
|t 1
|w 2016-04-24
|y BK15
|
| 998 |
|
|
|c ΜΑΝΙΑ
|d 2010-09
|
| 999 |
|
|
|c 62658
|d 62658
|